000 00341nam a2200133Ia 4500
005 20251222155151.0
008 251222s9999||||xx |||||||||||||| ||spa||
082 _aADM.31
100 _aFARRO CUSTODIO ,Francisco
245 0 _aPlaneamiento estratégico para instituciones Ed.
250 _a1ra. ed.
264 _bUdegraf S.A.
942 _cLIB
999 _c39581
_d39581